Statistics for Top 20 Countries With the Longest Coastline

Click here to take the quiz!

General Stats

  • This quiz has been taken 41 times
  • The average score is 18 of 20

Answer Stats

RankkmmilesAnswer% Correct
157,4914,655Brazil
100%
1202,080125,567Canada
100%
196,4353,999Chile
100%
437,65323,396Russia
100%
725,76016,007Australia
98%
187,0004,350India
98%
354,71633,999Indonesia
98%
139,3305,797Mexico
98%
283,28151,748Norway
98%
819,92412,380United States of America
98%
629,75118,486Japan
95%
536,28922,549Philippines
95%
177,2004,474Turkey
95%
1212,4297,723United Kingdom
95%
147,6004,722Italy
93%
915,1349,404New Zealand
93%
1014,5009,010China
90%
167,3144,545Denmark
83%
1113,6768,498Greece
80%
206,1123,798Federated States of Micronesia
28%

Score Distribution

Percentile by Number Answered

Percent of People with Each Score

Your Score History

You have not taken this quiz